| 000 | 00386nam a2200133Ia 4500 | ||
|---|---|---|---|
| 008 | 220120s9999||||xx |||||||||||||| ||und|| | ||
| 020 | _a81-203-1237-6 | ||
| 082 | _a511.6 RUD | ||
| 100 | _aRudraiah, N Shivakumar, B.S Rohini, G | ||
| 245 | 0 | _aDiscrete mathematical structures with to computer science | |
| 260 |
_bNew Delhi _c2000 |
||
| 300 |
_aX, 222p. _b95 |
||
| 650 | _aCONTROL SYSTEM | ||
| 999 |
_c131959 _d131959 |
||